<?xml version="1.0" encoding="UTF-8"?>
<collection xmlns="http://www.loc.gov/MARC21/slim">
 <record>
  <leader>01943nam a22002657a 4500</leader>
  <controlfield tag="001">NCT_4_016063</controlfield>
  <controlfield tag="008">250117b        xxu||||| |||| 00| 0 vie d</controlfield>
  <datafield tag="999" ind1=" " ind2=" ">
   <subfield code="c">8766</subfield>
   <subfield code="d">8766</subfield>
  </datafield>
  <datafield tag="020" ind1=" " ind2=" ">
   <subfield code="a">9786044816104</subfield>
   <subfield code="c">199000</subfield>
  </datafield>
  <datafield tag="082" ind1="0" ind2="4">
   <subfield code="2">23rd ed.</subfield>
   <subfield code="a">658.86</subfield>
   <subfield code="b">Y26</subfield>
  </datafield>
  <datafield tag="100" ind1="1" ind2=" ">
   <subfield code="a">Yarnell, Mark</subfield>
  </datafield>
  <datafield tag="245" ind1="1" ind2="0">
   <subfield code="a">Khởi đầu kinh doanh theo mạng </subfield>
   <subfield code="b">= Network marketing : Bí quyết thành công trong năm đầu tiên</subfield>
   <subfield code="c">Mark Yarnell, Rene Reid Yarnell ; Lê Thiện Trí (dịch)</subfield>
  </datafield>
  <datafield tag="260" ind1=" " ind2=" ">
   <subfield code="a">H.</subfield>
   <subfield code="b">Công Thương</subfield>
   <subfield code="c">2024</subfield>
  </datafield>
  <datafield tag="300" ind1=" " ind2=" ">
   <subfield code="a">376 tr.</subfield>
   <subfield code="c">24cm</subfield>
  </datafield>
  <datafield tag="520" ind1="3" ind2=" ">
   <subfield code="a">Cuốn sách đề cập đến các vấn đề phổ biến mà người mới bắt đầu thường gặp phải như: nỗi sợ hãi bị từ chối, sợ bị mất uy tín và danh dự, các cạm bẫy mà chính những người mới tham gia lẫn có kinh nghiệm vẫn hay mắc phải dẫn đến thất bại.</subfield>
  </datafield>
  <datafield tag="653" ind1=" " ind2=" ">
   <subfield code="a">Truyền thông đa phương tiện</subfield>
  </datafield>
  <datafield tag="700" ind1="1" ind2=" ">
   <subfield code="a">Yarnell, Rene Reid</subfield>
  </datafield>
  <datafield tag="700" ind1="1" ind2=" ">
   <subfield code="a">Lê Thiện Trí </subfield>
   <subfield code="e">Dịch</subfield>
  </datafield>
  <datafield tag="942" ind1=" " ind2=" ">
   <subfield code="2">ddc</subfield>
   <subfield code="c">BK</subfield>
  </datafield>
  <datafield tag="952" ind1=" " ind2=" ">
   <subfield code="0">0</subfield>
   <subfield code="1">0</subfield>
   <subfield code="2">ddc</subfield>
   <subfield code="4">0</subfield>
   <subfield code="6">658_860000000000000_Y26</subfield>
   <subfield code="7">0</subfield>
   <subfield code="9">30117</subfield>
   <subfield code="a">000001</subfield>
   <subfield code="b">000001</subfield>
   <subfield code="d">2025-01-17</subfield>
   <subfield code="o">658.86 Y26</subfield>
   <subfield code="p">MD.23227</subfield>
   <subfield code="r">2025-01-17</subfield>
   <subfield code="v">199000.00</subfield>
   <subfield code="w">2025-01-17</subfield>
   <subfield code="y">BK</subfield>
  </datafield>
  <datafield tag="952" ind1=" " ind2=" ">
   <subfield code="0">0</subfield>
   <subfield code="1">0</subfield>
   <subfield code="2">ddc</subfield>
   <subfield code="4">0</subfield>
   <subfield code="6">658_860000000000000_Y26</subfield>
   <subfield code="7">0</subfield>
   <subfield code="9">30118</subfield>
   <subfield code="a">000001</subfield>
   <subfield code="b">000001</subfield>
   <subfield code="d">2025-01-17</subfield>
   <subfield code="o">658.86 Y26</subfield>
   <subfield code="p">MD.23228</subfield>
   <subfield code="r">2025-01-17</subfield>
   <subfield code="v">199000.00</subfield>
   <subfield code="w">2025-01-17</subfield>
   <subfield code="y">BK</subfield>
  </datafield>
  <datafield tag="952" ind1=" " ind2=" ">
   <subfield code="0">0</subfield>
   <subfield code="1">0</subfield>
   <subfield code="2">ddc</subfield>
   <subfield code="4">0</subfield>
   <subfield code="6">658_860000000000000_Y26</subfield>
   <subfield code="7">0</subfield>
   <subfield code="9">30119</subfield>
   <subfield code="a">000001</subfield>
   <subfield code="b">000001</subfield>
   <subfield code="d">2025-01-17</subfield>
   <subfield code="o">658.86 Y26</subfield>
   <subfield code="p">MD.23229</subfield>
   <subfield code="r">2025-01-17</subfield>
   <subfield code="v">199000.00</subfield>
   <subfield code="w">2025-01-17</subfield>
   <subfield code="y">BK</subfield>
  </datafield>
  <datafield tag="952" ind1=" " ind2=" ">
   <subfield code="0">0</subfield>
   <subfield code="1">0</subfield>
   <subfield code="2">ddc</subfield>
   <subfield code="4">0</subfield>
   <subfield code="6">658_860000000000000_Y26</subfield>
   <subfield code="7">0</subfield>
   <subfield code="9">30120</subfield>
   <subfield code="a">000001</subfield>
   <subfield code="b">000001</subfield>
   <subfield code="d">2025-01-17</subfield>
   <subfield code="o">658.86 Y26</subfield>
   <subfield code="p">MD.23230</subfield>
   <subfield code="r">2025-01-17</subfield>
   <subfield code="v">199000.00</subfield>
   <subfield code="w">2025-01-17</subfield>
   <subfield code="y">BK</subfield>
  </datafield>
  <datafield tag="952" ind1=" " ind2=" ">
   <subfield code="0">0</subfield>
   <subfield code="1">0</subfield>
   <subfield code="2">ddc</subfield>
   <subfield code="4">0</subfield>
   <subfield code="6">658_860000000000000_Y26</subfield>
   <subfield code="7">0</subfield>
   <subfield code="9">30121</subfield>
   <subfield code="a">000001</subfield>
   <subfield code="b">000001</subfield>
   <subfield code="d">2025-01-17</subfield>
   <subfield code="o">658.86 Y26</subfield>
   <subfield code="p">MD.23231</subfield>
   <subfield code="r">2025-01-17</subfield>
   <subfield code="v">199000.00</subfield>
   <subfield code="w">2025-01-17</subfield>
   <subfield code="y">BK</subfield>
  </datafield>
  <datafield tag="980" ind1=" " ind2=" ">
   <subfield code="a">Thư viện Trường Đại học Nam Cần Thơ</subfield>
  </datafield>
 </record>
</collection>
